Torschützenkönige in der Geschichte von Inter Mailand - Statistiken

Allgemein
  • Dieses Quiz wurde 31 mal gespielt
  • Das Durchschnittsergebnis liegt bei 2 aus 10
Antwortstatistiken
Tore Nationalität Spieler % Korrekt
284 Italien Giuseppe Meazza
65%
124 Argentinien Mauro Icardi
50%
123 Italien Christian Vieri
46%
209 Italien Alessandro Altobelli
15%
162 Italien Sandro Mazzola
12%
133 Ungarn István Nyers
8%
143 Italien Benito Lorenzi
4%
171 Italien Roberto Boninsegna
4%
106 Italien Ermanno Aebi
0%
158 Argentinien Luigi Cevenini
0%
Keine übereinstimmenden Quizze gefunden
Verteilung der Resultate
Anzahl Personen mit jedem Resultat
Perzentil nach korrekt beantworteten Fragen
Ihre Resultats-Entwicklung
Sie haben dieses Quiz noch nicht gespielt